| 000 | 00620nam a2200229Ia 4500 | ||
|---|---|---|---|
| 003 | OSt | ||
| 005 | 20221006165406.0 | ||
| 006 | a|||||r|||| 00| 0 | ||
| 007 | ta | ||
| 008 | 221006b |||||||| |||| 00| 0 eng d | ||
| 024 | _a2,373 | ||
| 037 | _cTextual | ||
| 040 |
_aFML _cFML _beng |
||
| 041 |
_2eng _aeng |
||
| 082 | _aY:1.2 'F<---B, J9 | ||
| 100 |
_aRenou Louis Au. _9679752 |
||
| 245 | 0 | _aThe Civilization of Ancient India | |
| 260 |
_aKolkata _bSunil Gupta (India) Ltd. _c1959 |
||
| 300 |
_a189 _ccm. |
||
| 942 |
_hY:1.2 'F<---B, J9 _cTEXL _2CC |
||
| 999 |
_c1120661 _d1120661 |
||